Quiz football - Statistiques

Statistiques générales
  • Ce quiz a été pris 315 fois
  • Le résultat moyen est 12 sur 15
Statistiques - réponses
Question Réponse % Correct
Quel joueur a raté sa frappe a la derniere minute en final de coupe du monde et contre qui? Kolo Muani contre Emiliano Martinez
96%
Quel club a le plus de Ligue des champions ? Real Madrid
96%
Quel est le pays qui a gagner le plus de Coupe Du Monde ? Bresil
94%
Qui a le plus de ballon d'or Messi
94%
Quel joueur composait la "MSN" Messi/Suarez/Neymar
94%
Quel gardien de but a remporté le trophée Yachine cette saison ? Emiliano Martinez
91%
Quel joueur de 16 ans a été dans le top 10 du ballon d'or ? Lamine Yamal
91%
Quel club Francais a gagner une ligue des champions ? Olympique de Marseille
87%
Quel joueur a inscrit 91 buts en 1 anée civile ? Messi
79%
Qui était le gardien titulaire de la France durant la coupe du monde 2022 Hugo Lloris
74%
Qui est le dernier brésilien a avoir remporté le ballon d'or ? Kaka
68%
Quel club a le meilleur centre de formation ? Barca
64%
Quel est le dernier top 3 du Ballon d'or ? Rodri/Vini/Bellimgham
58%
Quel competition internationale a été jouer cette année? Euro et Copa
53%
Quel équipe a la meilleure défense d'Europe cette saison ? Barca (Koundé,Cubarsi,Martinez,Balde)
17%
Aucun quiz correspondant
Distribution des résultats
% des personnes avec chaque résultat
Percentile par nombre de réponses
Votre historique - résultats
Vous n’avez pas pris ce quiz